El aprovechamiento del agua en México y su abastecimiento futuro /

Gespeichert in:
Bibliographische Detailangaben
1. Verfasser: Tamayo, Jorge L. (autor)
Format: Buch
Sprache:Spanisch
Veröffentlicht: México : Sociedad Mexicana de Historia Natural, 1971
Tags: Tag hinzufügen
Keine Tags, Fügen Sie das erste Tag hinzu!

MARC

LEADER 00000nam^a2200000^a^4500
001 000430321
005 20250526000000.0
009 20260310122919.414
037 |a Acervo ITESO - Biblioteca 
041 |a ESP 
091 |a FHM. 04929 
100 |a Tamayo, Jorge L.  |e (autor) 
245 1 3 |a El aprovechamiento del agua en México y su abastecimiento futuro / 
264 1 |a México :  |b Sociedad Mexicana de Historia Natural,  |c 1971 
300 |a 40 p. ;  |c 19.5 cm. 
336 |a texto  |b txt  |2 rdacontenido 
337 |a sin mediación  |b n  |2 rdamedio 
338 |a volumen  |b nc  |2 rdasoporte 
649 |a XX 
910 |a Fondo Hugo B. Margáin 
920 |a Impresos - Libros 
930 |a Libros Antiguos y Raros 
905 |a 126 
901 |a 0500302851  |b IT2  |c LRA  |i D115215  |u 20250526 
902 |a https://opac.biblio.iteso.mx/vufind/Record/000430321